Countries by Land Border Outlines #2 - Statistics

General Stats
  • This quiz has been taken 205 times
  • The average score is 10 of 16
Answer Stats
Picture Answer % Correct
France
92%
Venezuela
84%
Spain
78%
Guatemala
77%
Albania
72%
Brunei
64%
Yemen
64%
Myanmar
62%
Guinea-Bissau
61%
Indonesia
58%
Sweden
58%
Oman
56%
Sierra Leone
56%
Honduras
52%
Netherlands
52%
Ireland/United Kingdom
34%
No matching quizzes found
Score Distribution
Percent of People with Each Score
Percentile by Number Answered
Your Score History
You have not taken this quiz